Lana Del Rey's UK Singles Chart History - Statistics

General Stats
  • This quiz has been taken 14 times
  • The average score is 20 of 39
Answer Stats
Peak Position Song Weeks On Chart Debut Date % Correct
#4 Summertime Sadness 56 Jul 27th 2013
100%
#23 Young and Beautiful 14 May 4th 2013
100%
#41 Love 5 Mar 2nd 2017
91%
#38 Lust For Life 4 May 4th 2017
91%
#9 Video Games 31 Oct 29th 2011
91%
#21 West Coast 7 Jun 7th 2014
91%
#9 Born To Die 18 Feb 4th 2012
82%
#86 Brooklyn Baby 1 Jun 28th 2014
82%
#42 Doin' Time 6 May 30th 2019
82%
#32 Ride 2 Nov 24th 2012
82%
#41 A&W 4 Mar 2nd 2023
73%
#32 Blue Jeans 7 Apr 14th 2012
73%
#58 Chemtrails Over the Country Club 3 Jan 21st 2021
73%
#2 Don't Call Me Angel 9 Sep 26th 2019
64%
#60 High By The Beach 3 Aug 20th 2015
64%
#30 Henry, come on 2 Apr 24th 2025
55%
#44 Norman Fucking Rockwell 2 Sep 12th 2019
55%
#78 Radio 6 Jul 27th 2023
55%
#9 Say Yes To Heaven 10 Jun 1st 2023
55%
#4 Snow On The Beach 10 Nov 3rd 2022
55%
#32 Tough 6 Jul 18th 2024
55%
#73 Stargirl Interlude 1 Dec 8th 2016
45%
#59 Fuck It I Love You 2 Sep 5th 2019
36%
#92 National Anthem 2 Jul 21st 2012
36%
#51 White Dress 1 Apr 1st 2021
36%
#87 Let Me Love You Like a Woman 1 Oct 29th 2020
27%
#79 Mariners Apartment Complex 1 Sep 27th 2018
27%
#60 Once Upon a Dream 3 Feb 15th 2014
27%
#80 Bluebird 1 May 1st 2025
18%
#68 Candy Necklace 1 Apr 6th 2023
18%
#87 Dealer 1 Nov 4th 2021
18%
#39 Gods & Monsters 2 May 3rd 2014
18%
#99 hope is a dangerous thing for a woman like me to have - but i have it 1 Jan 24th 2019
18%
#48 Paris, Texas 1 Apr 6th 2023
18%
#78 Prisoner 1 Sep 10th 2015
18%
#87 Watercolor Eyes 1 Feb 3rd 2022
18%
#60 Blue Velvet 1 Oct 6th 2012
9%
#81 Tulsa Jesus Freak 1 Apr 1st 2021
9%
#98 Did you know that there's a tunnel unter Ocean Blvd 1 Dec 22nd 2022
0%
No matching quizzes found
Score Distribution
Percent of People with Each Score
Percentile by Number Answered
Your Score History
You have not taken this quiz